Pays et territoires de l'atlantique américain - Statistiques

Statistiques générales
  • Ce quiz a été pris 106 fois
    40 depuis la dernière actualisation
  • Le résultat moyen est 24 sur 33
Statistiques - réponses
Réponse Hint % Correct
Antigua-et-Barbuda
94%
Bahamas
94%
Dominique
94%
Haïti
94%
République dominicaine
94%
Saint-Christophe-et-Niévès
94%
Sainte-Lucie
94%
Saint-Martin / Sint Maarten
94%
Saint-Vincent et les Grenadines
90%
Barbade
87%
Cuba
87%
Trinité-et-Tobago
87%
Grenade
87%
Guadeloupe
87%
Martinique
87%
Jamaïque
84%
Saint Barthélemy
77%
Anguilla
74%
Curaçao
74%
Aruba
71%
Montserrat
71%
Saint-Pierre-et-Miquelon
71%
Îles Caïmans
68%
Îles Turques et Caïques
68%
Îles Vierges des États-Unis
68%
Îles Vierges britanniques
65%
Bermudes
61%
Bonaire
58%
Porto Rico
55%
Saba
55%
Îles Falkland
29%
Terre-Neuve
29%
Géorgie du Sud-et-les îles Sandwich du Sud
6%
Aucun quiz correspondant
Distribution des résultats
% des personnes avec chaque résultat
Percentile par nombre de réponses
Votre historique - résultats
Vous n’avez pas pris ce quiz depuis la dernière actualisation